Statistics for County Seats of Colorado

Click here to take the quiz!

General Stats

  • This quiz has been taken 268 times
  • The average score is 30 of 64

Answer Stats

CountyCounty Seat% Correct
DenverDenver
96%
BoulderBoulder
86%
PuebloPueblo
80%
El PasoColorado Springs
79%
LarimerFort Collins
76%
MesaGrand Junction
76%
PitkinAspen
70%
BroomfieldBroomfield
70%
WeldGreeley
66%
RouttSteamboat Springs
66%
GunnisonGunnison
65%
MontroseMontrose
65%
JeffersonGolden
61%
OurayOuray
61%
AlamosaAlamosa
60%
DeltaDelta
60%
EagleEagle
60%
SummitBreckenridge
58%
La PlataDurango
58%
DouglasCastle Rock
56%
MorganFort Morgan
54%
ArapahoeLittleton
53%
MontezumaCortez
52%
Las AnimasTrinidad
51%
ElbertKiowa
50%
SaguacheSaguache
50%
San MiguelTelluride
50%
GarfieldGlenwood Springs
48%
BentLas Animas
45%
LakeLeadville
45%
LoganSterling
45%
FremontCanon City
44%
HuerfanoWalsenburg
42%
CheyenneCheyenne Wells
41%
MoffatCraig
41%
ParkFairplay
41%
SedgwickJulesburg
41%
AdamsBrighton
40%
ConejosConejos
40%
OteroLa Junta
40%
San JuanSilverton
40%
HinsdaleLake City
37%
Kit CarsonBurlington
35%
Clear CreekGeorgetown
35%
BacaSpringfield
35%
ProwersLamar
33%
ChaffeeSalida
33%
ArchuletaPagosa Springs
31%
JacksonWalden
31%
YumaWray
31%
TellerCripple Creek
29%
GilpinCentral City
28%
DoloresDove Creek
28%
GrandHot Sulphur Springs
26%
MineralCreede
25%
Rio BlancoMeeker
25%
CostillaSan Luis
24%
CusterWestcliffe
24%
WashingtonAkron
23%
LincolnHugo
23%
CrowleyOrdway
23%
KiowaEads
22%
Rio GrandeDel Norte
21%
PhillipsHolyoke
21%

Score Distribution

Percentile by Number Answered

Percent of People with Each Score

Your Score History

You have not taken this quiz